Statistics for Real Animals That Pokemon Are Based On

Click here to take the quiz!

General Stats

  • This quiz has been taken 29 times
  • The average score is 4 of 10

Answer Stats

PokemonReal-Life Animal% Correct
CaterpieCaterpillar
91%
KrookodileCrocodile
77%
PoliwagTadpole
77%
DewgongDugong
59%
WooperAxolotl
55%
DrowzeeTapir
45%
SandshrewPangolin
23%
MagikarpRockfish
9%
GorebyssChimaera
5%
StunfiskStargazer
5%

Score Distribution

Percentile by Number Answered

Percent of People with Each Score

Your Score History

You have not taken this quiz